| 000 | 00454nam a2200193Ia 4500 | ||
|---|---|---|---|
| 005 | 20240823042312.0 | ||
| 008 | 240823s9999||||xx |||||||||||||| ||und|| | ||
| 041 | _aENGLISH | ||
| 082 | _A520 K6 | ||
| 100 | _aKumaravelu S | ||
| 245 | 0 | _aAstronomy for Degree Classes | |
| 250 | _a1st | ||
| 260 |
_c1966 _bSKV Publi |
||
| 500 | _aTRANSFERED | ||
| 650 |
_aAstronomy _bMathematics |
||
| 700 | _a Susheela Kumaravelu | ||
| 942 | _cBK | ||
| 999 |
_c207547 _d207547 |
||